| 000 | 00689nam a2200253 a 4500 | ||
|---|---|---|---|
| 008 | |||
| 020 | _a0702143561 (pbk.) | ||
| 049 | _aMAIN | ||
| 090 | _aHF5667.12SAD | ||
| 100 | 1 | _aSadler, Elmarie. | |
| 245 | 1 | 0 |
_aAuditing : _ba final approach / _cElmarie Sadler...[et.al] |
| 246 | _aA final approach. | ||
| 250 | _a3rd ed. | ||
| 260 |
_aKenwyn : _bJuta, _c1992. |
||
| 300 |
_axiv, 461 p. : _bill. ; _c21 cm. |
||
| 700 | _aSmit, Riette. | ||
| 700 | _aVan Staden, Marianne. | ||
| 700 | _aHamel, Andre | ||
| 907 |
_a.b10155958 _b15-09-06 _c01-03-05 |
||
| 003 | |||
| 005 | 20230123134239.0 | ||
| 040 | _cNUST | ||
| 942 |
_cBOOKS _kHF5667.12SAD |
||
| 999 |
_c162600 _d162600 |
||